[Event "Regionalliga Nord-West 1819"]
[Site "Bayern"]
[Date "2018.10.21"]
[Round "1.4"]
[White "Elbert, Gebhard"]
[Black "Voigt, Uwe"]
[Result "1/2-1/2"]
[WhiteElo "1907"]
[BlackElo "1843"]
[PlyCount "30"]
[EventDate "2018.10.21"]
[EventType "team-tourn"]
[EventRounds "9"]
[EventCountry "GER"]
[SourceTitle "EXT 2022"]
[Source "ChessBase"]
[SourceDate "2021.10.06"]
[SourceVersion "1"]
[SourceVersionDate "2021.10.06"]
[SourceQuality "1"]
[WhiteTeam "Sailauf"]
[BlackTeam "Seubelsdorf"]
[WhiteTeamCountry "GER"]
[BlackTeamCountry "GER"]

1. d4 Nf6 2. Nf3 c5 3. d5 e6 4. Nc3 exd5 5. Nxd5 Nxd5 6. Qxd5 Be7 7. e4 0-0 8. Be2 Nc6 9. c3 d6 10. 0-0 Be6 11. Qh5 f6 12. Nd2 Ne5 13. Bd1 c4 14. Qe2 b5 15. Nf3 Nxf3+ 1/2-1/2

[Event "Oberfranken-ch 1213"]
[Site "Schney"]
[Date "2013.01.03"]
[Round "2"]
[White "Geisensetter, Franz"]
[Black "Voigt, Uwe"]
[Result "0-1"]
[WhiteElo "1944"]
[BlackElo "1879"]
[PlyCount "82"]
[EventDate "2013.01.03"]
[EventType "swiss"]
[EventRounds "7"]
[EventCountry "GER"]
[SourceTitle "EXT 2015"]
[Source "ChessBase"]
[SourceDate "2014.11.20"]
[SourceVersion "1"]
[SourceVersionDate "2014.11.20"]
[SourceQuality "1"]

1. e4 d5 2. exd5 Qxd5 3. Nc3 Qa5 4. d4 c6 5. Bc4 Bf5 6. Nf3 e6 7. Bd2 Bb4 8. a3 Bxc3 9. Bxc3 Qc7 10. d5 cxd5 11. Bb5+ Kf8 12. Be5 Qa5+ 13. b4 Qxb5 14. Nd4 Qc4 15. Nxf5 Qe4+ 16. Qe2 Qxe2+ 17. Kxe2 exf5 18. Rad1 Ne7 19. Bd6 f6 20. Rxd5 Nbc6 21. Re1 Rd8 22. b5 Ne5 23. Kf1 Kf7 24. Rdd1 N7g6 25. g3 Nf3 26. Re3 Nge5 27. Kg2 Rd7 28. c4 Nxc4 29. Rxf3 Rxd6 30. Rc1 Ne5 31. Rxf5 Rhd8 32. h4 g6 33. Rf4 R8d7 34. Rc3 Rd4 35. Rxd4 Rxd4 36. f4 Rc4 37. Rb3 Ng4 38. Rd3 Ke7 39. Rd2 Rc3 40. a4 Rc4 41. a5 Rc2 0-1

[Event "Oberfranken-ch M 0607"]
[Site "Schney"]
[Date "2007.01.05"]
[Round "7"]
[White "Voigt, Uwe"]
[Black "Geisensetter, Franz"]
[Result "1/2-1/2"]
[WhiteElo "1902"]
[BlackElo "2041"]
[PlyCount "150"]
[EventDate "2007.01.02"]
[EventType "swiss"]
[EventRounds "9"]
[EventCountry "GER"]
[SourceTitle "EXT 2015"]
[Source "ChessBase"]
[SourceDate "2014.11.20"]
[SourceVersion "1"]
[SourceVersionDate "2014.11.20"]
[SourceQuality "1"]

1. Nf3 d5 2. c4 d4 3. g3 g6 4. Bg2 Bg7 5. d3 e5 6. b4 Ne7 7. Bb2 a5 8. a3 axb4 9. axb4 Rxa1 10. Bxa1 c5 11. Qa4+ Bd7 12. b5 0-0 13. Nbd2 Na6 14. Nb3 Qb6 15. 0-0 Nc7 16. Qa5 Qd6 17. Qa7 b6 18. Nfd2 f5 19. Bb2 e4 20. dxe4 Ra8 21. e5 Rxa7 22. exd6 Nxb5 23. dxe7 Nc3 24. Bxc3 dxc3 25. Bd5+ Kh8 26. Nf3 Bf6 27. Ra1 Rxa1+ 28. Nxa1 Bxe7 29. Nc2 Ba4 30. Nfe1 Kg7 31. f4 g5 32. e3 gxf4 33. exf4 Bf6 34. Kg2 Bd4 35. Kf3 Kf6 36. h3 h5 37. g4 fxg4+ 38. hxg4 hxg4+ 39. Kxg4 Bf2 40. Be4 b5 41. cxb5 Bxb5 42. Nd3 Bg1 43. Ne5 Ba4 44. Kf3 Bb3 45. Ng4+ Ke7 46. Nge3 Bh2 47. f5 Bf7 48. Nd5+ Kd6 49. Nxc3 Ke5 50. Kg4 Bg1 51. Bc6 Bb3 52. Na3 Bd4 53. Nab5 Be3 54. Bd7 Bd2 55. Kh5 Bf7+ 56. Kg4 Bc4 57. Na3 Bd3 58. Nab1 Be1 59. Kg5 c4 60. f6 Bh4+ 61. Kxh4 Kxf6 62. Kg4 Ke5 63. Kf3 Kd4 64. Kf4 Bh7 65. Nb5+ Kc5 66. N1c3 Bg6 67. Ke5 Bc2 68. Nd6 Bh7 69. Nde4+ Kb4 70. Kd4 Bg8 71. Bg4 Kb3 72. Be2 Kc2 73. Nd6 Kb3 74. Nxc4 Bxc4 75. Bxc4+ Kb2 1/2-1/2

[Event "Oberfranken-ch M 0607"]
[Site "Schney"]
[Date "2007.01.02"]
[Round "2"]
[White "Voigt, Uwe"]
[Black "Schelbert, Roland"]
[Result "1-0"]
[WhiteElo "1902"]
[BlackElo "1693"]
[PlyCount "127"]
[EventDate "2007.01.02"]
[EventType "swiss"]
[EventRounds "9"]
[EventCountry "GER"]
[SourceTitle "EXT 2015"]
[Source "ChessBase"]
[SourceDate "2014.11.20"]
[SourceVersion "1"]
[SourceVersionDate "2014.11.20"]
[SourceQuality "1"]

1. Nf3 Nf6 2. c4 e6 3. g3 g6 4. b3 d5 5. Bg2 c6 6. 0-0 Bg7 7. Bb2 Nbd7 8. d3 0-0 9. Qc2 b6 10. e4 Bb7 11. e5 Ng4 12. Re1 Nh6 13. Nc3 a6 14. cxd5 cxd5 15. d4 Rc8 16. Qd3 Nf5 17. Ba3 Re8 18. Rac1 b5 19. Rc2 Qa5 20. Bb2 b4 21. Na4 Rxc2 22. Qxc2 Rc8 23. Qb1 Bh6 24. Re2 Bf8 25. Rc2 Nb6 26. Nxb6 Qxb6 27. Rxc8 Bxc8 28. Qc2 Bd7 29. g4 Ng7 30. Bf1 a5 31. Bc1 Qc6 32. Qxc6 Bxc6 33. Bg5 a4 34. Ne1 Ne8 35. Bd8 Kg7 36. Ba5 f6 37. Nd3 axb3 38. axb3 Bb7 39. f4 fxe5 40. fxe5 h5 41. gxh5 gxh5 42. Nxb4 Kg6 43. Bh3 Bh6 44. Kf2 Ng7 45. Nd3 h4 46. Nc5 Bc8 47. Bd8 Bf4 48. b4 Bd2 49. b5 Bc3 50. Ke3 Nf5+ 51. Bxf5+ exf5 52. b6 f4+ 53. Kxf4 Bxd4 54. b7 Bxb7 55. Nxb7 h3 56. e6 Bf6 57. e7 Bxe7 58. Bxe7 d4 59. Nc5 Kf7 60. Bh4 Kg6 61. Kg4 Kh6 62. Kxh3 Kh5 63. Bf6 d3 64. Nxd3 1-0